000 00285nam a22001337a 4500
008 170419b xxu||||| |||| 00| 0 eng d
020 _a9781599842356
041 _aeng
080 _a573
100 _a11
101 _aSHM
245 _aGENERAL BIOLOGY
_cNEWSOME. J
942 _2udc
_cBK
999 _c11072
_d11072